Thermal environmental engineering (Record no. 13003)

000 -LEADER
fixed length control field 00498nam a2200193 4500
001 - CONTROL NUMBER
control field 13003
003 - CONTROL NUMBER IDENTIFIER
control field BD-DhUET
008 - FIXED-LENGTH DATA ELEMENTS--GENERAL INFORMATION
fixed length control field 700513s1970 njuad b 001 0 eng
020 ## - INTERNATIONAL STANDARD BOOK NUMBER
International Standard Book Number 139147217
040 ## - CATALOGING SOURCE
Original cataloging agency DLC
Transcribing agency DLC
Modifying agency BD-DhUET
082 ## - DEWEY DECIMAL CLASSIFICATION NUMBER
Classification number 697.93
Item number THR/1970
100 1# - MAIN ENTRY--PERSONAL NAME
Personal name Threlkeld, James L.
245 10 - TITLE STATEMENT
Title Thermal environmental engineering
250 ## - EDITION STATEMENT
Edition statement 2nd ed.
260 ## - PUBLICATION, DISTRIBUTION, ETC. (IMPRINT)
Place of publication, distribution, etc. New Jersey
Name of publisher, distributor, etc. Prentice-Hall
Date of publication, distribution, etc. 1970
300 ## - PHYSICAL DESCRIPTION
Extent xvi, 495 p.
Other physical details illus.
Dimensions 25 cm.
650 #0 - SUBJECT ADDED ENTRY--TOPICAL TERM
Topical term or geographic name as entry element Air Conditioning
942 ## - ADDED ENTRY ELEMENTS (KOHA)
Koha item type General Book
Holdings
Koha item type Copy number Koha normalized classification for sorting Date acquired Price effective from Withdrawn status Not for loan Source of classification or shelving scheme Lost status Location (home branch) Koha full call number Sublocation or collection (holding branch) Koha date last seen Shelving location Damaged status Piece designation (barcode)
General Book1697_930000000000000_THR_19702015-02-282015-02-28    Central Library, BUET697.93/THR/1970Central Library, BUET2015-02-28Circulation section 47970
General Book2697_930000000000000_THR_19702015-02-282015-02-28    Central Library, BUET697.93/THR/1970Central Library, BUET2015-02-28Circulation section 55662
General Book3697_930000000000000_THR_19702015-05-172015-05-17    Central Library, BUET697.93/THR/1970Central Library, BUET2015-05-17Circulation section 17689
General Book4697_930000000000000_THR_19702015-05-172015-05-17    Central Library, BUET697.93/THR/1970Central Library, BUET2015-05-17Circulation section 17690
General Book5697_930000000000000_THR_19702015-05-172015-05-17    Central Library, BUET697.93/THR/1970Central Library, BUET2015-05-17Circulation section 17691
General Book6697_930000000000000_THR_19702015-05-172015-05-17    Central Library, BUET697.93/THR/1970Central Library, BUET2015-05-17Circulation section 17692
General Book7697_930000000000000_THR_19702015-05-172015-05-17    Central Library, BUET697.93/THR/1970Central Library, BUET2015-05-17Circulation section 17693
General Book8697_930000000000000_THR_19702015-05-172015-05-17    Central Library, BUET697.93/THR/1970Central Library, BUET2015-05-17Circulation section 19442
General Book9697_930000000000000_THR_19702015-05-172015-05-17    Central Library, BUET697.93/THR/1970Central Library, BUET2015-05-17Circulation section 25333
General Book10697_930000000000000_THR_19702015-05-172015-05-17    Central Library, BUET697.93/THR/1970Central Library, BUET2015-05-17Circulation section 25334